000 01077nam0a22002891 4500
001 v19\rc\1551384
005 20250618184158.0
035 _a(NLR Aleph) 004666484
090 _a3620238
_c3620238
100 _a20060620d1889 |||y0rusy50 ca
101 0 _arus
102 _aRU
105 _ay b |||||
200 1 _aКаталог книг и наглядных пособий, изданных фирмой или имеющихся на складе
_fТорг. д. Н. Фену и К°... С.-Петербург, Москва...
210 _aСанкт-Петербург
_d1889
215 _a134 с.
_d23
300 _aЗагл. обл.: Каталог книжного отделения. 1889-1890
512 0 _aКаталог книжного отделения. 1889-1890
702 1 _aФену
_bН.
_4570
710 0 2 _aФену, Н. и К°, торг. д.
_cПетербург
801 0 _aRU
_bNLR
_gpsbo
801 0 _aRU
_bRuMoRGB
_2psbo
801 1 _aRU
_bProSoft-M
_2rusmarc
852 _aNLR
_j18.60.2.72
852 _aNLR
_j671/Ф42
942 _cBOOK
980 _aNB